02944njm a22004334c 4500001000700000003000900007005001700016007001500033008004100048015001000089017005200099020001800151024001800169035002100187040002900208041003300237245016100270250002200431264008100453300006200534336003800596337002000634338002900654344003300683347002900716500011400745505081300859508008901672511037701761518008902138651004302227655003602270655002202306655002702328700002502355700003002380700002002410852008002430197741ES-MaACL20250903063115.0sd*fsngnnmmned250509s2021 sp fmn d ast  aSON21 aAS 1906-2021bOficina Depósito Legal Asturias a97884184822813 a9788418482281 a(SpMaBN)a7125020 aSpMaBNbspacSpMaBNerda1 dastdspaeastespagastgspa10aDiálogos / cJoaquín Pixán ; autoría musical, Joaquín P. Fuertes ; transcripción y autoría pianística, Manuel Pacheco.b[Grabación sonora] aPrimera edición 1a[Oviedo] : bServicio de Publicaciones de la Universidad de Oviedo,c[2021]. a1 disco (CD Audio) + e1 libro (52 páginas sin numerar) aMúsica interpretada2rdacontent aaudio2rdamedia adisco sonoro2rdacarrier adigitalbópticogestéreo aarchivo sonorobCD-Audio aLibro con fotografías de autores e intérpretes, introducciones y letra de los poemas en bable y español0 aParte I, nuevas canciones dialogadas: Alcuentru / texto, María Esther García López. Diálogo entre luz y sombra / texto, Xuan Bello. Nací donde los ríos / texto, Ángel Fierro. Xuego de manos ; L.luz de Peñes / texto, Aurelio González Ovies. Más claro el agua / texto, Javier Almuzara. Señardá / texto, María Esther García López. El cantar de la nublina / texto, Xuan Bello. Los glayos del espino ; No amar y noche es lo mismo / texto, Ángel Fierro. La cuestión palpitante / texto, Javier Almuzara -- Intermedio: Fantasía (Son D'Arriba) / música, J.P. Fuertes. Rosa nevada / texto, Antonio Gamoneda -- Parte II, viejas canciones dialogadas: Atapeciendo. Quítate de la esquina. Anque to padre nun quiera. ¿Ónde vas a dar agua?. Ayer vite na fonte. Vaqueiras de caréu aProducción de Joaquín Pérez Fuertes para Andante Producciones Culturales, S.L.1 aJoaquín Pixán, David Menéndez, Dolores Granados, Judit Martínez, intérpretes vocales líricos ; Joaquín Pixán, Cristina Sánchez, José Tronco, Lorena Corripio, Luisa Martínez, María Luisa Álvarez, Mari Luz Cristóbal, Patricia Pariente, intérpretes de canto tradicional ; Manuel Pacheco, piano ; Martín Pérez, flauta ; Nel Pérez, clarineta aGrabado en la Colegiata del Palacio de Revillagigedo (Gijón) en septiembre de 2019 0aAsturias (Comunidad Autónoma)2embne 0aCanciones tradicionales2tgfbne 0aCanciones2tgfbne 0aAdaptaciones musicales1 aFuertes, Joaquín P1 aPixán, Joaquínd1950-1 aPacheco, Manuel aES-MaACLcDEPOJjN-10606xEncuadernación cartonéhDonación: Editorial